000 00669nam a2200193Ia 4500
005 20250923145118.0
008 008 250917s9999 xx 000 0 eng d
037 _aTextual
040 _aDSWL
_beng
_cDSWL
041 _aeng
_2eng
084 _aZg, N64.11
_qDSWL
245 4 _aThe Collected works of Mahatma Gandhi Vol XI (Nov 1909- March 1911)
_cby Publication Division , Ministry of Information & Broadcasting , Govt India
260 _bPublication Division , Ministry of Information & Broadcasting , Govt India
_c1964
300 _axxiv,668 p.
365 _aINR
_b35
925 _g35
942 _cTEXL
_hZg, N64.11
999 _c1447260
_d1447260